<?xml version="1.0" encoding="UTF-8"?>
<record
    xmlns:xsi="http://www.w3.org/2001/XMLSchema-instance"
    xsi:schemaLocation="http://www.loc.gov/MARC21/slim http://www.loc.gov/standards/marcxml/schema/MARC21slim.xsd"
    xmlns="http://www.loc.gov/MARC21/slim">

  <leader>00606nam a2200169Ia 4500</leader>
  <controlfield tag="008">120626s1966    ag            000 0 spa d</controlfield>
  <datafield tag="020" ind1=" " ind2=" ">
    <subfield code="a">950-518-042-X</subfield>
  </datafield>
  <datafield tag="050" ind1=" " ind2=" ">
    <subfield code="a">Q175 C23</subfield>
  </datafield>
  <datafield tag="100" ind1=" " ind2=" ">
    <subfield code="a">Campbell, Donald Thomas</subfield>
    <subfield code="9">5493</subfield>
  </datafield>
  <datafield tag="245" ind1=" " ind2=" ">
    <subfield code="a">Dise&#xF1;os experimentales y  cuasiexperimentales en la investigaci&#xF3;n  social</subfield>
    <subfield code="c"> / Donald T. Campbell, Julian C.  Stanley ; tr. Mauricio Kitaigorodzki</subfield>
  </datafield>
  <datafield tag="260" ind1=" " ind2=" ">
    <subfield code="a">Argentina </subfield>
    <subfield code="b">: Amorrortu</subfield>
    <subfield code="c">1966</subfield>
  </datafield>
  <datafield tag="300" ind1=" " ind2=" ">
    <subfield code="a">159 p&#xE1;ginas</subfield>
  </datafield>
  <datafield tag="440" ind1=" " ind2=" ">
    <subfield code="a">Biblioteca de sociolog&#xED;a</subfield>
    <subfield code="9">5494</subfield>
  </datafield>
  <datafield tag="650" ind1=" " ind2=" ">
    <subfield code="a">DISE&#xD1;O EXPERIMENTAL</subfield>
    <subfield code="9">5495</subfield>
  </datafield>
  <datafield tag="700" ind1=" " ind2=" ">
    <subfield code="a">Stanley, Julian C.</subfield>
    <subfield code="e">autor</subfield>
    <subfield code="9">5496</subfield>
  </datafield>
  <datafield tag="942" ind1=" " ind2=" ">
    <subfield code="c">LB</subfield>
  </datafield>
  <datafield tag="952" ind1=" " ind2=" ">
    <subfield code="0">0</subfield>
    <subfield code="1">0</subfield>
    <subfield code="2">lcc</subfield>
    <subfield code="4">0</subfield>
    <subfield code="7">0</subfield>
    <subfield code="a">11</subfield>
    <subfield code="b">11</subfield>
    <subfield code="d">2015-11-10</subfield>
    <subfield code="l">3</subfield>
    <subfield code="o">Q175 C23</subfield>
    <subfield code="p">11 012822</subfield>
    <subfield code="r">2016-06-15</subfield>
    <subfield code="s">2016-06-15</subfield>
    <subfield code="t">1</subfield>
    <subfield code="w">2015-11-10</subfield>
    <subfield code="y">LB</subfield>
  </datafield>
  <datafield tag="952" ind1=" " ind2=" ">
    <subfield code="0">0</subfield>
    <subfield code="1">0</subfield>
    <subfield code="2">lcc</subfield>
    <subfield code="4">0</subfield>
    <subfield code="7">0</subfield>
    <subfield code="a">11</subfield>
    <subfield code="b">11</subfield>
    <subfield code="d">2015-11-10</subfield>
    <subfield code="l">1</subfield>
    <subfield code="o">Q175 C23</subfield>
    <subfield code="p">11 012823</subfield>
    <subfield code="r">2018-01-15</subfield>
    <subfield code="s">2018-01-15</subfield>
    <subfield code="t">2</subfield>
    <subfield code="w">2015-11-10</subfield>
    <subfield code="y">LB</subfield>
  </datafield>
  <datafield tag="999" ind1=" " ind2=" ">
    <subfield code="c">68035</subfield>
    <subfield code="d">68035</subfield>
  </datafield>
</record>
